| 000 | 01354nam a22001217a 4500 | ||
|---|---|---|---|
| 008 | 170719b xxu||||| |||| 00| 0 eng d | ||
| 110 | _aUnited Nations. | ||
| 245 | _aHIV Sentimental Survey Report ./ | ||
| 260 |
_aGhana: _bGhana Health Service; _c2014. |
||
| 300 |
_a80p.: _bill; _c28cm. |
||
| 500 | _aContent:Sentinel Sites:Number and Location -- Sampling Strategy:Sampling Period -- Study Population -- Inclusion and Exclusion Criteria -- Sampling Scheme -- Sample Size -- Sample Collection and Confidentiality -- Sample Labelling: Demographic Data -- Testing of Samples: Testing Strategy -- Testing and Submission of Samples -- Quality Control and Assurance Testing -- Training and Personal -- Monitoring of the Survey -- Data Management -- Geographic and Demographic Characteristics -- Confirmation and Quality Control and External Quality Assurance -- 2012 HIV Prevalence: Site Variations -- Regional Variations -- Urban/Rural Variations -- Age Group variations -- HIV Type Variations -- Trends in HIV Prevalence: Trends in National Median Prevalence -- Trends in Prevalence by Age -- Regional Trend -- Trends in Prevalence by Sites -- HIV type Trend -- Syphilis Prevalence by Area(Rural-Urban) -- Trends in Rural Urban Syphilis Prevalence -- Syphilis Prevalence by Region -- Syphilis by Age Group -- HIV Prevalence among STI Clients. | ||
| 942 |
_2lcc _cBK |
||
| 999 |
_c6440 _d13940 |
||